| 000 | 00902nam a2200277Ia 4500 | ||
|---|---|---|---|
| 008 | 220204s9999 xx 000 0 und d | ||
| 082 |
_a581.132 _bAKO.5 |
||
| 245 | 0 | _aPhotosynthesis V 5.Chloroplast development | |
| 260 |
_aPhiladelphia _bBalban International Science Services _c1981 |
||
| 505 | _aProceedings of the fifth International Congress on photosynthesis, September 7 - 13, 1980. Halkidiki. Greece | ||
| 650 | _aALA biosynthesis | ||
| 650 | _aCarotenoid | ||
| 650 | _aChlorophyll biosynthesis | ||
| 650 | _aChloroplast development | ||
| 650 | _aLipid | ||
| 650 | _aPhotosynthesis | ||
| 650 | _aPhotosynthetic apparatus | ||
| 650 | _aPigment | ||
| 650 | _aPolypeptide | ||
| 650 | _aProcaryotes | ||
| 650 | _aProtochlorophyllide photoreduction | ||
| 650 | _aRibulose biphosphate carboxylase | ||
| 650 | _aThylakoid membrane | ||
| 700 | _aAKOYUNOGLOU, George | ||
| 942 | _cBK | ||
| 999 |
_c38158 _d38158 |
||